000 00316nam a2200133 i 4500
001 bg
100 1 _aKittel, Charles.
245 1 0 _aWstęp do fizyki ciała stałego /
_cCharles Kittel.
260 _aWarszawa,
_c1960.
040 _cBPK
041 _apol
942 _cKS
008 950505s1960 pl f |000 0 pol
999 _c21030
_d21030
856 _uhttp://koha.tu.koszalin.pl/cgi-bin/koha/opac-detail.pl?biblionumber=21030
_yKatalog online BPK